000 00475nam a22001697a 4500
003 OSt
005 20140310182509.0
008 130807t xxu||||| |||| 00| 0 eng d
020 _a9780743477574
050 _aPR 2832
_b.Sh527 1992
100 _aShakespeare, William
_91777
245 _aThe taming of the Shrew /
_cWilliam Shakespeare.
260 _aNew York :
_bWashingston Square Press,
_cc1992.
300 _a252 p. :
_c17 cm.
942 _2lcc
_cSSLC
999 _c13883
_d13883